000 01367nam a2200337 a 4500
001 ebr10005634
003 CaPaEBR
006 m u
007 cr cn|||||||||
008 930716s1994 ctu sb 001 0 eng
010 _z 93028042
020 _z0313288860 (alk. paper)
040 _aCaPaEBR
_cCaPaEBR
035 _a(OCoLC)70756080
050 1 4 _aDK61
_b.G74 1994eb
082 0 4 _a947
_220
100 1 _aGreen, Barbara B.
245 1 4 _aThe dynamics of Russian politics
_h[electronic resource] :
_ba short history /
_cBarbara B. Green.
260 _aWestport, Conn. :
_bGreenwoood Press,
_c1994.
300 _aviii, 236 p.
490 1 _aContributions in political science,
_x0147-1066 ;
_vno. 337
504 _aIncludes bibliographical references (p. [217]-223) and index.
533 _aElectronic reproduction.
_bPalo Alto, Calif. :
_cebrary,
_d2013.
_nAvailable via World Wide Web.
_nAccess may be limited to ebrary affiliated libraries.
650 0 _aCommunism
_zSoviet Union.
651 0 _aRussia
_xPolitics and government.
651 0 _aSoviet Union
_xPolitics and government.
655 7 _aElectronic books.
_2local
710 2 _aebrary, Inc.
830 0 _aContributions in political science ;
_vno. 337.
856 4 0 _uhttp://site.ebrary.com/lib/rucke/Doc?id=10005634
_zAn electronic book accessible through the World Wide Web; click to view
999 _c3341
_d3341